Eniten ja vähiten vakaimmat maat - Statistics

Yleistilastot
  • Tätä visaa on pelattu 54 kertaa
  • Keskiarvotulos 13 / 20
Vastaustilastot
Sijoitus Indeksi Maa % Oikein
1 14.5 Norja
98%
10 20.6 Ruotsi
98%
3 16.0 Suomi
98%
2 15.7 Islanti
95%
6 17.9 Tanska
88%
8 19.5 Irlanti
81%
5 17.8 Sveitsi
81%
4 16.7 Uusi-Seelanti
74%
175 107.1 Syyria
70%
174 106.6 Afganistan
67%
179 111.9 Somalia
67%
7 18.9 Kanada
60%
177 108.5 Etelä-Sudan
58%
176 107.2 Kongon demokraattinen tasavalta
58%
173 106.2 Sudan
58%
9 19.5 Luxemburg
53%
178 108.9 Jemen
47%
172 105.7 Keski-Afrikan tasavalta
37%
171 104.6 Tsad
33%
170 102.9 Haiti
23%
Ehtoja vastaavia visoja ei löytynyt
Tulosjakauma
Jokaisen tuloksen saaneiden osuus
Persentiili vastausten määrän mukaan
Tuloshistoriasi
Et ole pelannut tätä visaa